| 000 | 00513 a2200145 4500 | ||
|---|---|---|---|
| 999 |
_c6177 _d6177 |
||
| 020 | _a9788472081840 | ||
| 050 | _aTX 349 PAM 2010 | ||
| 100 |
_aPamplona-Roger, George D. _eauthor |
||
| 245 |
_aEncyclopedia of foods and their healing power : _ba guide to food science and diet therapy / _cGeorge D. Pamplona-Roger |
||
| 264 |
_aSpain: _beditorial Safeliz, _c2010 |
||
| 300 |
_a432p.: _bill.(col.) |
||
| 500 | _aIncludes bibliographical references and index | ||
| 650 | _aFood Science | ||
| 942 |
_2lcc _cBK _h349 _iPAM _kTX |
||